000 00205nam a22000977a 4500
082 _a894.812.3
_bRAM/U
100 _aRAMACHANDRAN, PUTHUSSERY
245 _aULSAVABALI
650 _aMALAYALAM STORY
942 _cBK
999 _c7707
_d7707